Capitales de las Provincias de Argentina en un Mapa - Estadísticas

Estadísticas generales
  • Esta prueba ha sido intentada 22 veces
  • La puntuación promedio es 20 de 24
Respuestas en el mapa
Las respuestas están codificadas por una escala verde-roja en el mapa de la prueba según el % correcto abajo.
 
Estadísticas de respuestas
Province Capital % Correcto
Salta Salta
100%
Córdoba Córdoba
94%
Neuquén Neuquén
94%
San Juan San Juan
94%
San Luis San Luis
94%
Santa Fe Santa Fe
94%
Corrientes Corrientes
89%
Formosa Formosa
89%
La Rioja La Rioja
89%
Ciudad Autónoma de Buenos Aires Buenos Aires
83%
Buenos Aires La Plata
83%
Mendoza Mendoza
83%
Santa Cruz Río Gallegos
83%
Tucumán San Miguel de Tucumán
83%
Jujuy San Salvador de Jujuy
83%
Tierra del Fuego Ushuaia
83%
Chubut Rawson
78%
Chaco Resistencia
78%
Catamarca San Fernando del Valle de Catamarca
78%
Santiago del Estero Santiago del Estero
78%
Misiones Posadas
72%
La Pampa Santa Rosa
72%
Entre Ríos Paraná
67%
Río Negro Viedma
56%
No se encontraron pruebas coincidentes
Distribución de puntuación
Porcentaje de gente con cada puntuación
Porcentaje por número respondido
Historial de tus puntuaciones
No has intentado esta prueba.